Correct Me At Spellings (Easy) - Statistics

General Stats
  • This quiz has been taken 237 times
  • The average score is 14 of 16
Answer Stats
Mispelled Word Correct Word % Correct
Wurld World
98%
Purpel Purple
97%
Warter Water
97%
Blak Black
96%
Pancayk Pancake
94%
Spagetti Spaghetti
93%
Bloo Blue
89%
Candee Candy
89%
Nayture Nature
88%
Gray Grey
87%
Opshons Options
81%
Mountin Rush Mountain Rush
80%
Tee Tea
80%
Newdls Noodles
75%
Pryty Pretty
74%
Capreeson Capri-Sun
49%
No matching quizzes found
Score Distribution
Percent of People with Each Score
Percentile by Number Answered
Your Score History
You have not taken this quiz